Introducción a la informática y los sistemas de información administrativos

Պահպանված է:
Մատենագիտական մանրամասներ
Հիմնական հեղինակներ: Barros V., Oscar (Հեղինակ), Holgado S. M., Antonio (Հեղինակ), Pérez V., Víctor L (Հեղինակ)
Ձևաչափ: Գիրք
Լեզու:իսպաներեն
Հրապարակվել է: Santiago Universitaria 1978
Խորագրեր:
Ցուցիչներ: Ավելացրեք ցուցիչ
Չկան պիտակներ, Եղեք առաջինը, ով նշում է այս գրառումը!

MARC

LEADER 00000nam a2200000 a 4500
001 UCV3885
003 CL-VaPUC
008 870930e19780000CL |||||||||||||||||spa|d
082 0 4 |a 004  |b BAR  |2 21 
100 0 |a Barros V., Oscar  |e author  |9 298294 
700 0 |a Holgado S. M., Antonio  |e author  |9 298295 
700 0 |a Pérez V., Víctor L  |e author  |9 298296 
245 1 0 |a Introducción a la informática y los sistemas de información administrativos 
300 |a 147 p 
942 |c BK 
945 |d 19870930 00:00:00 
260 |a Santiago  |b Universitaria  |c 1978 
650 7 |a SISTEMAS DE ALMACENAMIENTO Y RECUPERACION DE INFORMACIONADMINISTRACION  |2 CL-VaPUC  |9 260040 
650 0 |a Sistemas de información en administración  |9 260041 
583 |a last modification  |c 20150417 17:44:46  |k Rodrigo Vera 
999 |c 210996  |d 210994 
952 |0 0  |1 0  |4 0  |6 004_000000000000000_BAR_1978  |7 0  |8 P  |9 188202  |a BIBENE  |b BIBENE  |d 2019-11-14  |i 1414119  |o 004 BAR 1978  |p 1414119  |r 2025-01-15  |w 2019-11-14  |y BK  |k ICO